[Event "23rd ETCC Women 2021"]
[Site "Catez"]
[Date "2021.11.19"]
[Round "6.1"]
[White "Goryachkina, Aleksandra"]
[Black "Tsolakidou, Stavroula"]
[Result "1-0"]
[WhiteElo "2604"]
[BlackElo "2377"]
[Annotator "ChessBase"]
[PlyCount "107"]
[EventDate "2021.11.08"]
[EventType "team-tourn"]
[EventCountry "SLO"]
[WhiteTeam "Russia"]
[BlackTeam "Greece"]
[WhiteTeamCountry "RUS"]
[BlackTeamCountry "GRE"]
[TimeControl "40/5400+30:1800+30"]

1. d4 {[%emt 0:00:08]} d5 {[%emt 0:00:08]} 2. c4 {[%emt 0:00:13]} c6 {[%emt 0:
00:10]} 3. cxd5 {[%emt 0:01:05]} cxd5 {[%emt 0:00:14]} 4. Bf4 {[%emt 0:00:18]}
Nc6 {[%emt 0:00:18]} 5. e3 {[%emt 0:00:23]} Nf6 {[%emt 0:00:37]} 6. Nc3 {
[%emt 0:00:30]} a6 {[%emt 0:02:23]} 7. Be2 {[%emt 0:03:36]} Bf5 {[%emt 0:02:41]
} 8. Nf3 {[%emt 0:00:54]} e6 {[%emt 0:09:40]} 9. Qb3 {[%emt 0:01:33]} Bd6 {
[%emt 0:16:30]} 10. Bxd6 {[%emt 0:01:05]} Qxd6 {[%emt 0:00:14]} 11. Qxb7 {
[%emt 0:01:36]} O-O {[%emt 0:06:36]} 12. Qb3 {[%emt 0:00:25]} Rfb8 {[%emt 0:07:
51]} 13. Qa3 {[%emt 0:00:49]} Qxa3 {[%emt 0:09:17]} 14. bxa3 {[%emt 0:00:48]}
Na7 {[%emt 0:01:53]} 15. a4 {[%emt 0:02:15]} Nc6 {[%emt 0:06:38]} 16. O-O {
[%emt 0:05:05]} Rb2 {[%emt 0:07:47]} 17. Rfc1 {[%emt 0:09:55]} h6 {[%emt 0:00:
28]} 18. h3 {[%emt 0:08:36]} g5 {[%emt 0:10:04]} 19. Bf1 {[%emt 0:06:21]} Nb4 {
[%emt 0:11:31]} 20. a3 {[%emt 0:02:39]} Nd3 {[%emt 0:01:37]} 21. Bxd3 {[%emt 0:
02:55]} Bxd3 {[%emt 0:00:05]} 22. Ne5 {[%emt 0:04:21]} Bc2 {[%emt 0:00:30]} 23.
a5 {[%emt 0:01:21]} Ne8 {[%emt 0:02:00]} 24. Ra2 {[%emt 0:12:04]} Rxa2 {
[%emt 0:00:06]} 25. Nxa2 {[%emt 0:00:03]} Ba4 {[%emt 0:00:39]} 26. Nc3 {
[%emt 0:01:47]} Rc8 {[%emt 0:00:25]} 27. Nd3 {[%emt 0:00:40]} Bb3 {[%emt 0:00:
36]} 28. Nc5 {[%emt 0:03:41]} Bc4 {[%emt 0:00:11]} 29. Rb1 {[%emt 0:00:34]} e5
{[%emt 0:00:52]} 30. Rb6 {[%emt 0:04:50]} Kg7 {[%emt 0:00:06]} 31. g4 {[%emt 0:
04:49]} Nf6 {[%emt 0:02:47]} 32. f3 {[%emt 0:04:34]} Rc7 {[%emt 0:00:28]} 33.
Kf2 {[%emt 0:00:59]} h5 {[%emt 0:00:31]} 34. Nd1 {[%emt 0:03:59]} Re7 {[%emt 0:
00:42]} 35. dxe5 {[%emt 0:03:11]} Rxe5 {[%emt 0:00:04]} 36. Rxf6 {[%emt 0:03:
31]} Kxf6 {[%emt 0:00:04]} 37. Nd7+ {[%emt 0:00:05]} Ke6 {[%emt 0:00:03]} 38.
Nxe5 {[%emt 0:00:08]} Kxe5 {[%emt 0:00:03]} 39. gxh5 {[%emt 0:00:11]} Kf6 {
[%emt 0:00:20]} 40. Kg3 {[%emt 0:01:07]} Kg7 {[%emt 0:00:49]} 41. Kg4 {[%emt 0:
32:24]} Kh6 {[%emt 0:31:53]} 42. Nc3 {[%emt 0:01:07]} Bb3 {[%emt 0:00:00]} 43.
h4 {[%emt 0:00:00]} gxh4 {[%emt 0:00:00]} 44. Kxh4 {[%emt 0:00:00]} f5 {
[%emt 0:00:00]} 45. Ne2 {[%emt 0:00:00]} Ba4 {[%emt 0:00:00]} 46. Nd4 {[%emt 0:
00:00]} Bd7 {[%emt 0:00:00]} 47. f4 {[%emt 0:00:00]} Bc8 {[%emt 0:00:00]} 48.
Nc6 {[%emt 0:00:00]} Bd7 {[%emt 0:00:00]} 49. Nb4 {[%emt 0:00:00]} Bc8 {
[%emt 0:00:00]} 50. Nxd5 {[%emt 0:00:00]} Bb7 {[%emt 0:00:00]} 51. Nf6 {
[%emt 0:00:00]} Ba8 {[%emt 0:00:00]} 52. Ng8+ {[%emt 0:00:00]} Kg7 {[%emt 0:00:
00]} 53. Ne7 {[%emt 0:00:00]} Kf6 {[%emt 0:00:00]} 54. h6 {[%emt 0:00:00]} 1-0

[Event "23rd ETCC Women 2021"]
[Site "Catez"]
[Date "2021.11.19"]
[Round "6.2"]
[White "Avramidou, Anastasia"]
[Black "Lagno, Kateryna"]
[Result "1/2-1/2"]
[WhiteElo "2217"]
[BlackElo "2550"]
[Annotator "TA"]
[PlyCount "60"]
[EventDate "2021.11.08"]
[EventType "team-tourn"]
[EventCountry "SLO"]
[WhiteTeam "Greece"]
[BlackTeam "Russia"]
[WhiteTeamCountry "GRE"]
[BlackTeamCountry "RUS"]

{[%evp 26,60,9,3,16,0,22,16,19,0,0,0,0,0,0,0,0,0,0,0,0,0,29,32,48,61,58,0,48,0,
43,0,53,0,54,0,60]} 1. e4 e5 2. Nf3 Nc6 3. Bb5 a6 4. Ba4 Nf6 5. O-O Be7 6. d3
b5 7. Bb3 d6 8. c3 O-O 9. h3 Na5 10. Bc2 c5 11. Nbd2 {[%cal Bb1d2,Bd2f1,Bf1g3]
[%mdl 32]} Nc6 12. Re1 Re8 13. a4 Bd7 14. Nf1 h6 {C90: Closed Ruy Lopez with 7.
..d6: Early deviations.} 15. Ng3 Bf8 16. d4 cxd4 17. cxd4 Nb4 18. Bb3 bxa4 19.
Bxa4 {[#]} exd4 $146 ({Predecessor:} 19... Bxa4 20. Qxa4 Nd3 21. Rd1 Nxc1 22.
Raxc1 Qb6 23. d5 Reb8 24. Rc6 Qxb2 25. Rxa6 Rxa6 26. Qxa6 {1/2-1/2 (33) Filipi,
S (2200)-Mojzis,J (2105) Czech Republic 2016}) 20. Nxd4 Bxa4 21. Rxa4 a5 22.
Ra3 Rc8 23. Rc3 Qd7 24. Bd2 Rc5 25. Nb3 Rb5 26. Nd4 Rc5 27. Nb3 Rb5 28. Nd4 Rc5
29. Nb3 Rb5 $1 30. Nd4 Rc5 {Weighted Error Value: White=0.19/Black=0.04}
1/2-1/2

[Event "23rd ETCC Women 2021"]
[Site "Catez"]
[Date "2021.11.19"]
[Round "6.3"]
[White "Shuvalova, Polina"]
[Black "Pavlidou, Ekaterini"]
[Result "1-0"]
[WhiteElo "2515"]
[BlackElo "2172"]
[Annotator "ChessBase"]
[PlyCount "69"]
[EventDate "2021.11.08"]
[EventType "team-tourn"]
[EventCountry "SLO"]
[WhiteTeam "Russia"]
[BlackTeam "Greece"]
[WhiteTeamCountry "RUS"]
[BlackTeamCountry "GRE"]
[TimeControl "40/5400+30:1800+30"]

1. e4 {[%emt 0:00:03]} c5 {[%emt 0:00:19]} 2. Nf3 {[%emt 0:00:04]} Nc6 {
[%emt 0:00:13]} 3. Bb5 {[%emt 0:00:05]} g6 {[%emt 0:00:11]} 4. O-O {[%emt 0:00:
16]} Bg7 {[%emt 0:00:32]} 5. c3 {[%emt 0:00:04]} Nf6 {[%emt 0:01:58]} 6. Re1 {
[%emt 0:00:06]} O-O {[%emt 0:02:39]} 7. d4 {[%emt 0:00:04]} cxd4 {[%emt 0:00:
56]} 8. cxd4 {[%emt 0:00:03]} d5 {[%emt 0:02:08]} 9. e5 {[%emt 0:00:04]} Ne4 {
[%emt 0:00:23]} 10. Nc3 {[%emt 0:00:31]} Nxc3 {[%emt 0:05:11]} 11. bxc3 {
[%emt 0:00:04]} Bg4 {[%emt 0:05:56]} 12. h3 {[%emt 0:02:44]} Bxf3 {[%emt 0:02:
09]} 13. Qxf3 {[%emt 0:00:04]} Qd7 {[%emt 0:01:52]} 14. h4 {[%emt 0:05:36]}
Rac8 {[%emt 0:13:22]} 15. h5 {[%emt 0:03:03]} Qe6 {[%emt 0:01:51]} 16. Bg5 {
[%emt 0:12:20]} Na5 {[%emt 0:06:07]} 17. Qg3 {[%emt 0:00:34]} h6 {[%emt 0:11:
13]} 18. Bc1 {[%emt 0:09:45]} Nc4 {[%emt 0:05:44]} 19. Ba4 {[%emt 0:00:49]}
gxh5 {[%emt 0:19:52]} 20. Re2 {[%emt 0:15:59]} h4 {[%emt 0:06:14]} 21. Qf3 {
[%emt 0:12:29]} h3 {[%emt 0:02:26]} 22. Bc2 {[%emt 0:02:01]} hxg2 {[%emt 0:01:
16]} 23. Bf5 {[%emt 0:01:59]} Qc6 {[%emt 0:00:47]} 24. Bxc8 {[%emt 0:00:58]}
Rxc8 {[%emt 0:00:17]} 25. Kxg2 {[%emt 0:02:32]} Qg6+ {[%emt 0:01:44]} 26. Kh2 {
[%emt 0:02:01]} Kh7 {[%emt 0:00:27]} 27. Bf4 {[%emt 0:04:03]} Rg8 {[%emt 0:00:
29]} 28. Rg1 {[%emt 0:01:23]} Qf5 {[%emt 0:00:14]} 29. Rg3 {[%emt 0:01:04]} Nb6
{[%emt 0:02:53]} 30. Re1 {[%emt 0:00:37]} Na4 {[%emt 0:02:11]} 31. Bd2 {
[%emt 0:02:27]} Qxf3 {[%emt 0:01:38]} 32. Rxf3 {[%emt 0:00:03]} f6 {[%emt 0:01:
03]} 33. Rg1 {[%emt 0:01:26]} Nb6 {[%emt 0:01:31]} 34. Rfg3 {[%emt 0:00:45]}
fxe5 {[%emt 0:01:06]} 35. Bxh6 {[%emt 0:00:16]} 1-0

[Event "23rd ETCC Women 2021"]
[Site "Catez"]
[Date "2021.11.19"]
[Round "6.4"]
[White "Markantonaki, Haritomeni"]
[Black "Kashlinskaya, Alina"]
[Result "0-1"]
[WhiteElo "2174"]
[BlackElo "2482"]
[Annotator "ChessBase"]
[PlyCount "70"]
[EventDate "2021.11.08"]
[EventType "team-tourn"]
[EventCountry "SLO"]
[WhiteTeam "Greece"]
[BlackTeam "Russia"]
[WhiteTeamCountry "GRE"]
[BlackTeamCountry "RUS"]
[TimeControl "40/5400+30:1800+30"]

1. e4 {[%emt 0:00:03]} e6 {[%emt 0:00:07]} 2. d4 {[%emt 0:00:08]} d5 {[%emt 0:
00:04]} 3. Nc3 {[%emt 0:00:19]} Nf6 {[%emt 0:00:12]} 4. Bg5 {[%emt 0:00:35]}
dxe4 {[%emt 0:00:22]} 5. Nxe4 {[%emt 0:00:17]} Be7 {[%emt 0:00:10]} 6. Bxf6 {
[%emt 0:00:52]} gxf6 {[%emt 0:00:08]} 7. Nf3 {[%emt 0:00:41]} f5 {[%emt 0:01:
44]} 8. Nc3 {[%emt 0:00:29]} a6 {[%emt 0:00:45]} 9. g3 {[%emt 0:01:01]} b5 {
[%emt 0:02:17]} 10. Bg2 {[%emt 0:00:08]} Bb7 {[%emt 0:00:06]} 11. O-O {[%emt 0:
02:46]} c5 {[%emt 0:06:21]} 12. d5 {[%emt 0:01:19]} b4 {[%emt 0:01:19]} 13.
dxe6 {[%emt 0:00:17]} bxc3 {[%emt 0:00:30]} 14. exf7+ {[%emt 0:00:07]} Kf8 {
[%emt 0:00:18]} 15. Qe2 {[%emt 0:00:18]} cxb2 {[%emt 0:47:24]} 16. Rad1 {
[%emt 0:02:20]} Qb6 {[%emt 0:00:41]} 17. Rfe1 {[%emt 0:11:25]} Qf6 {[%emt 0:03:
23]} 18. Ne5 {[%emt 0:22:32]} Bxg2 {[%emt 0:01:47]} 19. Kxg2 {[%emt 0:00:29]}
Ra7 {[%emt 0:01:33]} 20. c3 {[%emt 0:13:51]} Rb7 {[%emt 0:06:03]} 21. f4 {
[%emt 0:03:33]} Kg7 {[%emt 0:01:40]} 22. Qf3 {[%emt 0:16:22]} Rb6 {[%emt 0:08:
20]} 23. Rb1 {[%emt 0:11:12]} Rd8 {[%emt 0:00:40]} 24. Re2 {[%emt 0:00:30]} Nd7
{[%emt 0:02:17]} 25. Rbxb2 {[%emt 0:04:56]} Rxb2 {[%emt 0:01:00]} 26. Rxb2 {
[%emt 0:00:04]} Nxe5 {[%emt 0:00:21]} 27. fxe5 {[%emt 0:00:04]} Qxe5 {[%emt 0:
04:13]} 28. Re2 {[%emt 0:02:49]} Qf6 {[%emt 0:00:15]} 29. Qb7 {[%emt 0:02:21]}
Kxf7 {[%emt 0:01:48]} 30. Qb3+ {[%emt 0:00:29]} Kf8 {[%emt 0:00:51]} 31. Re6 {
[%emt 0:00:42]} Qf7 {[%emt 0:00:23]} 32. Rxa6 {[%emt 0:01:11]} Rd2+ {[%emt 0:
00:39]} 33. Kg1 {[%emt 0:00:24]} Qh5 {[%emt 0:03:33]} 34. Qb8+ {[%emt 0:01:20]}
Kf7 {[%emt 0:00:26]} 35. Qb3+ {[%emt 0:01:24]} Kg7 {[%emt 0:00:11]} 0-1

[Event "23rd ETCC Women 2021"]
[Site "Catez"]
[Date "2021.11.19"]
[Round "6.5"]
[White "Zawadzka, Jolanta"]
[Black "Dzagnidze, Nana"]
[Result "1/2-1/2"]
[WhiteElo "2429"]
[BlackElo "2524"]
[Annotator "TA"]
[PlyCount "103"]
[EventDate "2021.11.08"]
[EventType "team-tourn"]
[EventCountry "SLO"]
[WhiteTeam "Poland"]
[BlackTeam "Georgia"]
[WhiteTeamCountry "POL"]
[BlackTeamCountry "GEO"]

{[%evp 10,103,23,10,28,24,27,20,25,26,26,25,27,16,25,21,30,18,32,12,16,17,35,7,
26,30,26,12,29,14,16,6,14,4,28,1,4,1,14,0,6,1,1,1,6,6,6,0,0,0,1,1,19,1,6,0,0,0,
6,-30,0,0,10,0,0,0,0,0,0,0,0,0,0,0,0,0,0,0,0,0,0,0,0,0,0,-25,-25,-25,-25,-25,
-25,-25,0,0,0,0]} 1. e4 c6 2. Nc3 d5 3. Nf3 dxe4 4. Nxe4 Nf6 5. Qe2 Nxe4 6.
Qxe4 Nd7 {B11: Caro-Kann: Two Knights Variation.} 7. d4 Nf6 8. Qd3 g6 9. Be2
Bg7 10. O-O Bf5 11. Qb3 Qb6 12. c3 Nd5 13. Re1 O-O 14. Bg5 Rfe8 15. Bc4 e6 {[#]
} 16. Bd2 $146 ({Predecessor:} 16. h3 h6 17. Bd2 g5 18. a4 Qc7 19. Bf1 Rad8 20.
Rad1 Qb6 21. Qa3 Bc2 22. a5 {1-0 (57) Erdos,V (2614)-Ohler,J (2014) Biel 2021})
16... Qc7 17. h3 {[#] Hoping for g4.} h5 18. Nh4 Nb6 19. Bf1 Bf6 20. Nxf5 exf5
21. a4 a5 22. Qc2 Kg7 23. Rad1 Nd5 24. Qd3 Qd7 25. Qf3 Rxe1 26. Rxe1 Re8 27.
Rxe8 Qxe8 28. Bd3 Qd8 29. Qe2 Kg8 30. Bc4 Kg7 31. Ba2 Qd7 32. Qd3 Qd8 33. Qe2
Qd7 34. Bb1 Qd8 (34... c5 $5 35. g4 (35. dxc5 Qxa4 36. Bd3 Qc6 $15) 35... fxg4
36. hxg4 cxd4 $11) 35. Bc2 Qd7 36. Qc4 Qe7 37. Bb3 Bg5 38. Qd3 Nf4 39. Bxf4
Qe1+ 40. Qf1 Qxf1+ 41. Kxf1 Bxf4 $11 {[%mdl 4096] Endgame KB-KB} 42. d5 Bc1 43.
d6 Kf8 44. d7 Bg5 45. Ke2 Bd8 46. f3 h4 47. Bc4 f4 48. Kd3 Ke7 49. Ke4 g5 50.
Kf5 Kxd7 51. Bxf7 Kd6 52. Ke4 {A rather calm draw.  Weighted Error Value:
White=0.06/Black=0.05} 1/2-1/2

[Event "23rd ETCC Women 2021"]
[Site "Catez"]
[Date "2021.11.19"]
[Round "6.6"]
[White "Javakhishvili, Lela"]
[Black "Cyfka, Karina"]
[Result "1-0"]
[WhiteElo "2446"]
[BlackElo "2416"]
[Annotator "ChessBase"]
[PlyCount "147"]
[EventDate "2021.11.08"]
[EventType "team-tourn"]
[EventCountry "SLO"]
[WhiteTeam "Georgia"]
[BlackTeam "Poland"]
[WhiteTeamCountry "GEO"]
[BlackTeamCountry "POL"]
[TimeControl "40/5400+30:1800+30"]

1. d4 {[%emt 0:00:03]} Nf6 {[%emt 0:00:11]} 2. c4 {[%emt 0:00:05]} e6 {[%emt 0:
00:14]} 3. Nf3 {[%emt 0:01:06]} d5 {[%emt 0:00:35]} 4. g3 {[%emt 0:01:46]} Bb4+
{[%emt 0:02:32]} 5. Bd2 {[%emt 0:00:19]} a5 {[%emt 0:01:04]} 6. Qc2 {[%emt 0:
00:51]} O-O {[%emt 0:01:12]} 7. Bg2 {[%emt 0:00:12]} c5 {[%emt 0:01:39]} 8.
dxc5 {[%emt 0:00:10]} d4 {[%emt 0:01:11]} 9. Bxb4 {[%emt 0:01:29]} axb4 {
[%emt 0:00:11]} 10. Ne5 {[%emt 0:00:07]} Qc7 {[%emt 0:08:24]} 11. Nd3 {[%emt 0:
00:14]} Na6 {[%emt 0:02:07]} 12. O-O {[%emt 0:07:25]} Nd7 {[%emt 0:06:46]} 13.
Nd2 {[%emt 0:07:38]} Ndxc5 {[%emt 0:02:39]} 14. Nb3 {[%emt 0:05:53]} Nxd3 {
[%emt 0:10:03]} 15. exd3 {[%emt 0:02:19]} Rd8 {[%emt 0:02:39]} 16. c5 {[%emt 0:
02:21]} Bd7 {[%emt 0:18:29]} 17. a3 {[%emt 0:14:40]} bxa3 {[%emt 0:13:21]} 18.
Rxa3 {[%emt 0:03:12]} Bc6 {[%emt 0:00:31]} 19. Bxc6 {[%emt 0:06:59]} Qxc6 {
[%emt 0:00:08]} 20. Rc1 {[%emt 0:00:58]} Rac8 {[%emt 0:02:55]} 21. Qc4 {
[%emt 0:00:58]} e5 {[%emt 0:08:01]} 22. Na5 {[%emt 0:03:04]} Qxc5 {[%emt 0:02:
25]} 23. Nxb7 {[%emt 0:05:33]} Qf8 {[%emt 0:00:17]} 24. Nxd8 {[%emt 0:00:30]}
Rxc4 {[%emt 0:00:04]} 25. Rxc4 {[%emt 0:00:55]} Qxd8 {[%emt 0:00:40]} 26. Rxa6
{[%emt 0:00:06]} h5 {[%emt 0:00:04]} 27. Ra7 {[%emt 0:08:28]} e4 {[%emt 0:03:
56]} 28. Raa4 {[%emt 0:01:47]} exd3 {[%emt 0:02:34]} 29. Rxd4 {[%emt 0:00:14]}
Qc8 {[%emt 0:06:56]} 30. Rac4 {[%emt 0:02:05]} Qa6 {[%emt 0:01:34]} 31. Rd8+ {
[%emt 0:08:31]} Kh7 {[%emt 0:00:01]} 32. b3 {[%emt 0:00:29]} Qa1+ {[%emt 0:00:
45]} 33. Kg2 {[%emt 0:00:05]} Qd1 {[%emt 0:00:54]} 34. b4 {[%emt 0:03:37]} Qb3
{[%emt 0:00:55]} 35. Rcd4 {[%emt 0:00:09]} d2 {[%emt 0:00:54]} 36. R8d5 {
[%emt 0:00:17]} d1=Q {[%emt 0:00:57]} 37. Rxd1 {[%emt 0:00:06]} Qxb4 {[%emt 0:
00:34]} 38. Rxh5+ {[%emt 0:00:12]} Kg6 {[%emt 0:00:01]} 39. Rhd5 {[%emt 0:00:
24]} Qe4+ {[%emt 0:00:07]} 40. Kg1 {[%emt 0:00:08]} f6 {[%emt 0:00:18]} 41.
R1d4 {[%emt 0:31:25]} Qb1+ {[%emt 0:02:58]} 42. Kg2 {[%emt 0:00:00]} Qb7 {
[%emt 0:00:08]} 43. h3 {[%emt 0:00:00]} Qa8 {[%emt 0:01:14]} 44. Kh2 {[%emt 0:
00:00]} Qa2 {[%emt 0:00:24]} 45. Rd2 {[%emt 0:00:00]} Qc4 {[%emt 0:02:33]} 46.
R5d4 {[%emt 0:00:00]} Qc5 {[%emt 0:00:39]} 47. Rf4 {[%emt 0:00:00]} Qc6 {
[%emt 0:00:17]} 48. Rg4+ {[%emt 0:00:00]} Kh7 {[%emt 0:00:47]} 49. Rh4+ {
[%emt 0:00:00]} Kg6 {[%emt 0:01:17]} 50. Rdd4 {[%emt 0:00:00]} Qc2 {[%emt 0:00:
50]} 51. Rhf4 {[%emt 0:00:00]} Qc6 {[%emt 0:01:03]} 52. Rc4 {[%emt 0:00:00]}
Qb7 {[%emt 0:01:03]} 53. Rg4+ {[%emt 0:00:00]} Kh7 {[%emt 0:01:15]} 54. Rh4+ {
[%emt 0:00:00]} Kg8 {[%emt 0:00:43]} 55. Rc2 {[%emt 0:00:00]} Qd7 {[%emt 0:01:
29]} 56. Rhc4 {[%emt 0:00:00]} Kh7 {[%emt 0:00:51]} 57. Rc7 {[%emt 0:00:00]}
Qd4 {[%emt 0:02:40]} 58. Re7 {[%emt 0:00:00]} Kh6 {[%emt 0:00:16]} 59. h4 {
[%emt 0:00:00]} f5 {[%emt 0:03:26]} 60. Rf7 {[%emt 0:00:00]} g6 {[%emt 0:01:02]
} 61. Ra2 {[%emt 0:00:00]} Qc5 {[%emt 0:01:41]} 62. Rd2 {[%emt 0:01:19]} Qb6 {
[%emt 0:00:24]} 63. Kg1 {[%emt 0:02:24]} Qb1+ {[%emt 0:03:05]} 64. Kg2 {
[%emt 0:00:33]} Qe4+ {[%emt 0:01:06]} 65. Kh2 {[%emt 0:00:08]} Qe1 {[%emt 0:00:
46]} 66. Ra2 {[%emt 0:03:42]} Qf1 {[%emt 0:01:28]} 67. Re7 {[%emt 0:00:55]} Qc4
{[%emt 0:01:47]} 68. Raa7 {[%emt 0:00:47]} Kh5 {[%emt 0:03:27]} 69. f3 {
[%emt 0:00:44]} g5 {[%emt 0:01:05]} 70. Rh7+ {[%emt 0:00:57]} Kg6 {[%emt 0:00:
01]} 71. Rag7+ {[%emt 0:00:34]} Kf6 {[%emt 0:00:01]} 72. hxg5+ {[%emt 0:00:17]}
Ke5 {[%emt 0:00:06]} 73. Re7+ {[%emt 0:00:06]} Kd4 {[%emt 0:00:06]} 74. Rh4+ {
[%emt 0:00:05]} 1-0

[Event "23rd ETCC Women 2021"]
[Site "Catez"]
[Date "2021.11.19"]
[Round "6.7"]
[White "Kiolbasa, Oliwia"]
[Black "Arabidze, Meri"]
[Result "1/2-1/2"]
[WhiteElo "2403"]
[BlackElo "2441"]
[Annotator "ChessBase"]
[PlyCount "96"]
[EventDate "2021.11.08"]
[EventType "team-tourn"]
[EventCountry "SLO"]
[WhiteTeam "Poland"]
[BlackTeam "Georgia"]
[WhiteTeamCountry "POL"]
[BlackTeamCountry "GEO"]
[TimeControl "40/5400+30:1800+30"]

1. e4 {[%emt 0:00:04]} c5 {[%emt 0:00:05]} 2. Nf3 {[%emt 0:00:09]} e6 {[%emt 0:
00:05]} 3. d4 {[%emt 0:00:11]} cxd4 {[%emt 0:00:06]} 4. Nxd4 {[%emt 0:00:09]}
Nf6 {[%emt 0:00:07]} 5. Nc3 {[%emt 0:00:11]} d6 {[%emt 0:00:07]} 6. g3 {
[%emt 0:06:20]} Nc6 {[%emt 0:03:34]} 7. Bg2 {[%emt 0:00:42]} Bd7 {[%emt 0:01:
22]} 8. Ndb5 {[%emt 0:06:44]} Qb8 {[%emt 0:04:52]} 9. Bg5 {[%emt 0:00:53]} a6 {
[%emt 0:04:44]} 10. Bxf6 {[%emt 0:00:48]} gxf6 {[%emt 0:02:09]} 11. Nd4 {
[%emt 0:00:31]} Qa7 {[%emt 0:00:57]} 12. Nb3 {[%emt 0:06:23]} Ne5 {[%emt 0:05:
16]} 13. a4 {[%emt 0:11:31]} Rc8 {[%emt 0:09:55]} 14. Nd2 {[%emt 0:01:30]} h5 {
[%emt 0:05:29]} 15. Qe2 {[%emt 0:09:57]} Qb6 {[%emt 0:05:05]} 16. Ra2 {[%emt 0:
05:46]} Qc5 {[%emt 0:08:51]} 17. f4 {[%emt 0:04:00]} Ng4 {[%emt 0:07:31]} 18.
Nb3 {[%emt 0:10:56]} Qa7 {[%emt 0:07:43]} 19. Bf3 {[%emt 0:01:07]} Ne3 {
[%emt 0:07:02]} 20. Qf2 {[%emt 0:01:08]} Ra8 {[%emt 0:00:46]} 21. Nd1 {[%emt 0:
15:16]} Nxd1 {[%emt 0:02:29]} 22. Qxa7 {[%emt 0:00:04]} Rxa7 {[%emt 0:00:06]}
23. Kxd1 {[%emt 0:00:05]} h4 {[%emt 0:00:12]} 24. Nd2 {[%emt 0:00:13]} Bc6 {
[%emt 0:02:23]} 25. Ke2 {[%emt 0:02:27]} hxg3 {[%emt 0:03:20]} 26. hxg3 {
[%emt 0:00:11]} Rxh1 {[%emt 0:00:13]} 27. Bxh1 {[%emt 0:00:07]} f5 {[%emt 0:00:
05]} 28. Ra1 {[%emt 0:02:14]} fxe4 {[%emt 0:00:30]} 29. Bxe4 {[%emt 0:00:30]}
d5 {[%emt 0:01:30]} 30. Bd3 {[%emt 0:01:55]} Bg7 {[%emt 0:03:10]} 31. c3 {
[%emt 0:00:50]} Ra8 {[%emt 0:00:58]} 32. Nf3 {[%emt 0:01:39]} Ke7 {[%emt 0:01:
21]} 33. a5 {[%emt 0:06:06]} Rh8 {[%emt 0:00:41]} 34. Kd2 {[%emt 0:00:55]} d4 {
[%emt 0:11:02]} 35. Nxd4 {[%emt 0:01:29]} Bxd4 {[%emt 0:00:09]} 36. cxd4 {
[%emt 0:00:04]} Rh2+ {[%emt 0:00:05]} 37. Kc3 {[%emt 0:03:24]} Rg2 {[%emt 0:00:
27]} 38. f5 {[%emt 0:00:49]} Rxg3 {[%emt 0:00:28]} 39. Kc2 {[%emt 0:00:23]}
exf5 {[%emt 0:03:41]} 40. Bxf5 {[%emt 0:00:49]} Rf3 {[%emt 0:01:00]} 41. Bd3 {
[%emt 0:05:11]} Kd6 {[%emt 0:01:28]} 42. Re1 {[%emt 0:05:03]} f5 {[%emt 0:04:
35]} 43. Re5 {[%emt 0:02:01]} f4 {[%emt 0:00:44]} 44. Bc4 {[%emt 0:03:26]} Bd7
{[%emt 0:07:27]} 45. Rd5+ {[%emt 0:05:22]} Ke7 {[%emt 0:00:21]} 46. Re5+ {
[%emt 0:00:04]} Kd6 {[%emt 0:11:35]} 47. Rd5+ {[%emt 0:08:01]} Ke7 {[%emt 0:00:
06]} 48. Re5+ {[%emt 0:01:49]} Kd6 {[%emt 0:00:08]} 1/2-1/2

[Event "23rd ETCC Women 2021"]
[Site "Catez"]
[Date "2021.11.19"]
[Round "6.9"]
[White "Brunello, Marina"]
[Black "Mammadzada, Gunay"]
[Result "1/2-1/2"]
[WhiteElo "2359"]
[BlackElo "2459"]
[Annotator "ChessBase"]
[PlyCount "71"]
[EventDate "2021.11.08"]
[EventType "team-tourn"]
[EventCountry "SLO"]
[WhiteTeam "Italy"]
[BlackTeam "Azerbaijan"]
[WhiteTeamCountry "ITA"]
[BlackTeamCountry "AZE"]
[TimeControl "40/5400+30:1800+30"]

1. e4 {[%emt 0:00:10]} c5 {[%emt 0:00:07]} 2. Nf3 {[%emt 0:00:05]} d6 {[%emt 0:
00:04]} 3. Bb5+ {[%emt 0:00:05]} Bd7 {[%emt 0:00:29]} 4. Bxd7+ {[%emt 0:00:21]}
Qxd7 {[%emt 0:00:05]} 5. O-O {[%emt 0:00:04]} Nf6 {[%emt 0:00:32]} 6. Qe2 {
[%emt 0:00:06]} e6 {[%emt 0:03:44]} 7. c3 {[%emt 0:03:24]} Be7 {[%emt 0:02:39]}
8. d4 {[%emt 0:01:47]} O-O {[%emt 0:16:57]} 9. dxc5 {[%emt 0:06:20]} dxc5 {
[%emt 0:00:22]} 10. e5 {[%emt 0:00:04]} Nd5 {[%emt 0:00:05]} 11. c4 {[%emt 0:
00:14]} Nb6 {[%emt 0:01:27]} 12. Rd1 {[%emt 0:00:43]} Qc7 {[%emt 0:01:04]} 13.
Nc3 {[%emt 0:00:49]} a6 {[%emt 0:09:23]} 14. Bf4 {[%emt 0:16:58]} Nc6 {[%emt 0:
01:53]} 15. Ne4 {[%emt 0:09:01]} Rad8 {[%emt 0:11:08]} 16. h4 {[%emt 0:11:02]}
Rxd1+ {[%emt 0:11:46]} 17. Rxd1 {[%emt 0:00:05]} Rd8 {[%emt 0:00:04]} 18. Nd6 {
[%emt 0:12:19]} Nc8 {[%emt 0:09:18]} 19. Ne4 {[%emt 0:03:50]} Nb6 {[%emt 0:01:
43]} 20. Nd6 {[%emt 0:05:58]} Nc8 {[%emt 0:03:38]} 21. Nxc8 {[%emt 0:04:53]}
Qxc8 {[%emt 0:01:25]} 22. h5 {[%emt 0:00:16]} h6 {[%emt 0:01:27]} 23. g4 {
[%emt 0:02:23]} b5 {[%emt 0:08:02]} 24. b3 {[%emt 0:07:43]} bxc4 {[%emt 0:00:
38]} 25. Rxd8+ {[%emt 0:01:49]} Qxd8 {[%emt 0:00:07]} 26. bxc4 {[%emt 0:00:05]}
Nd4 {[%emt 0:06:34]} 27. Nxd4 {[%emt 0:01:02]} Qxd4 {[%emt 0:03:36]} 28. Bg3 {
[%emt 0:00:46]} Bg5 {[%emt 0:00:09]} 29. Kg2 {[%emt 0:00:44]} Bf4 {[%emt 0:01:
47]} 30. Bxf4 {[%emt 0:02:34]} Qxf4 {[%emt 0:00:01]} 31. f3 {[%emt 0:00:35]}
Qd4 {[%emt 0:00:48]} 32. Kg3 {[%emt 0:00:51]} Kf8 {[%emt 0:03:18]} 33. Qe4 {
[%emt 0:04:37]} Qg1+ {[%emt 0:01:54]} 34. Kh3 {[%emt 0:00:12]} Qh1+ {[%emt 0:
00:22]} 35. Kg3 {[%emt 0:00:04]} Qg1+ {[%emt 0:00:04]} 36. Kh3 {[%emt 0:00:54]}
1/2-1/2